| 000 | 02043nam a2200409 i 4500 | ||
|---|---|---|---|
| 001 | 000013665 | ||
| 003 | DO-SdBPM | ||
| 005 | 20250625124518.0 | ||
| 007 | ta | ||
| 008 | 091127t1986 dr 001 e spa d | ||
| 040 |
_aDO-SdBPM _bspa _cBPMSU _erda _d |
||
| 041 | _hspa | ||
| 082 | 4 |
_aRD864.44 _bR789e 1986 _222 |
|
| 100 | 1 |
_aRosario Candelier, Bruno, _d1941- _eautor _4aut. |
|
| 100 | z |
_aCandelier, Bruno Rosario, _d1941 |
|
| 245 | 1 | 0 |
_aEnsayos literarios / _cBruno Rosario Candelier |
| 264 | 4 |
_aSanto Domingo : _bBiblioteca Nacional Pedro Henríquez Ureña (BNPHU), _c©1996. |
|
| 300 |
_a370 páginas ; _c23 cm. |
||
| 336 |
_atexto _btxt _2rdacontent |
||
| 337 |
_asin mediación _bn _2rdamedia |
||
| 338 |
_avolumen _bnc _2rdacarrier |
||
| 490 | 0 | _aColección Orfeo | |
| 500 | _aIncluye referencias bibliográficas y notas al pie de las páginas. | ||
| 505 | 0 |
_aCaracteres de la literatura -- _tLos géneros literarios -- _tMétodo de enseñanza de la literatura -- _tLiteratura y educación -- _tSemántica y literatura -- _tFundamentos de la producción textual -- _tConclusiones-- _tPoesía y plenitud / _tNarración y cuento / _tJulio Cortazar: literatura y liberación-- _tPretextos-- _tLa novela dominicana 1882-1982-- _tGrecia, patria de filósofos-- _tAspectos de la sociedad y la cosmovisión de la antigua Grecia, en Homero-- _tLa visión de Teilhard de Chardin -- _tEl nuevo papel de los Ateneos y Asociaciones Culturales _tEn torno a mi tesis -- _tDiálogo con Gabriel García Márquez -- _tEncuentro con Mario Vargas Llosa. |
|
| 590 | _aInventariado, 2025/VM | ||
| 650 | 7 |
_aEnsayos dominicanos _2LEMB |
|
| 650 | 7 |
_aLiteratura dominicana. _2LEMB |
|
| 650 | 7 |
_aLiteratura _xHistoria y crítica _2LEMB |
|
| 650 | z | _aDominican essays | |
| 650 | z | _aDominican literature | |
| 710 | 2 |
_aRepública Dominicana. _bBiblioteca Nacional Pedro Henríquez Ureña |
|
| 710 | z |
_aRepública Dominicana. _bBiblioteca Nacional |
|
| 710 | z | _aBNPHU | |
| 710 | z | _aB.N.P.H.U | |
| 910 | _aVMateo V. Control de calidad BPMSU | ||
| 942 |
_2ddc _cBK |
||
| 999 |
_c15219 _d15219 |
||